| 000 | 00336nam a2200121Ia 4500 | ||
|---|---|---|---|
| 008 | 210430s9999 xx 000 0 und d | ||
| 082 | _a541 M298 P | ||
| 100 | _aSamuel H.Maron | ||
| 245 |
_aPrinciples of Physical Chemistry _cSamuel H.Maron |
||
| 260 |
_aIslamabad _bNational Book Foundation _c1965 |
||
| 300 | _a886p | ||
| 942 |
_cBK _2ddc |
||
| 999 |
_c562836 _d562836 |
||